Регионална библиотека "Любен Каравелов" - Русе

Ябълка (Запис номер 56849)

MARC детайли
000 -Лидер
Контролно поле с фиксирана дължина 01037nam a2200313 c 4500
003 - Код на организацията, давaща контролен номер
Контролно поле BLK
005 - Дата и час на последна редакция
Контролно поле 20221011094116.0
008 - Елементи от данни с фиксирана дължина
fixed length control field 180408b bul|||||r ||||||| ||bul||
010 ## - Наследен системен номер
LC control number KNG00060835000
040 ## - Източник на каталожния запис
Идентификатор на билиотеката - собственик на записа BLK
041 ## - Код за език
Код за езика на текст/звукозапис или на отделно заглавие Български
Код за езика КДБФ Български
080 ## - УДК
Текстов определител УДК Семкови плодови растения - Ябълка, круша, дюля, мушмула и др.
УДК код - определител по УДК 634.10
УДК - код + определител 634.10
100 1# - Редна дума - Автор
Автор Илиев, Иван
R(LIN) 364404
139 ## - Редно поле
Редна дума Илиев, Иван и др.
Авторски знак Илие - И 52
245 10 - Сведения за заглавието
Заглавие Ябълка
Подзаглавни данни Моногр.
Редно поле (дума) Иван Илиев; Симеон Пенев.
257 ## - Страна на издаване
Страна на създаване/издаване България
260 ## - Област на издателските данни
Място на издаване, разпространение и проч. Пловдив
Име на издателя, разпространителя и проч. Христо Г. Данов
Година на издаване 1973
300 ## - Физическа характеристика
Страници 176 с.
Размери/Мащаб 20 см
380 ## - Жанр
Жанр Селско стопанство
500 ## - Общи забележки
Забележка Библиогр. с. 169-172.
650 #4 - Допълнително описание по предмет – тема
Основно описание – тема или топоним Ябълки
9 (RLIN) 178022
653 ## - Ключова дума – ненормативна
Ключова дума ябълки
700 1# - Други автори (авторска отговорност)
Лично име Пенев, Симеон
Автороска отговорност (Описва отношението между автора и произведението) съавт.
9 (RLIN) 287151
852 ## - Местоположение
Форматна сигнатура Цб 69444
856 4# - Електронен адрес и достъп
Електронен формат pdf - файл
856 4# - Електронен адрес и достъп
Електронен формат pdf - файл
999 ## - СИСТЕМНИ КОНТРОЛНИ НОМЕРА
Koha biblionumber 56849
Koha biblioitemnumber 56849
942 ## - АРТИКУЛИ
Вид на библиотечния материал Книги
Скрит в OPAC Не
Периодичен библиозапис Да
944 ## - СЪЗДАВАНЕ И РЕДАКЦИЯ на ЗАПИСА
Създаване/Редакция Създаване
Дата на регистрацията/редакция 13.06.2004
Служител, извършил регистрацията/редакцията Читалня
944 ## - СЪЗДАВАНЕ И РЕДАКЦИЯ на ЗАПИСА
Създаване/Редакция Редакция
Дата на регистрацията/редакция 19.08.2015
944 ## - СЪЗДАВАНЕ И РЕДАКЦИЯ на ЗАПИСА
Създаване/Редакция Редакция
Дата на регистрацията/редакция 2022-08-10
Служител, извършил регистрацията/редакцията Христина Везирева
999 ## - СИСТЕМНИ КОНТРОЛНИ НОМЕРА
Koha biblioitemnumber 56849
Наличности
Код за отписване Код за изгубен артикул Източник на класификационната схема Код за повреда Коз за рестрикции Код за отдаване Артикулен № Име на библиотеката - собственик Име на библиотеката, в която се намира в момента Статус (Текущо местоположение) Дата на вписване в системата Местоположение - отдел Цена в лева Инвентарен номер Систематично азбучна сигнатура Баркод Номер на екземпляра Цена в евро Служебна бележка Служебен тип на артикула Бележка за публиката
Изтеглен Не е изгубен Universal Decimal Classification Не е повреден без рестрикции ползва се в читалня 90988 Регионална библиотека "Любен Каравелов" Русе Регионална библиотека "Любен Каравелов" Русе Читалня 1993-01-01 Читалня 1.00 148268 Ч 634.1/И 52 148268 1 0.51 Дата инв: 20.03.2017 Бележки инв: Ч2017 Книги  
Изтеглен Не е изгубен Universal Decimal Classification Не е повреден без рестрикции заемане за дома 90989 Регионална библиотека "Любен Каравелов" Русе Регионална библиотека "Любен Каравелов" Русе Заемна - подръчен фонд 1973-01-01 Заемна - подръчен фонд 1.00 148266 П 634.10/И 52 120000148266 2 0.51 N: стар фонд Дата: 01.01.1973 Дата инв: 06.02.2018 Бележки инв: П2018 Книги  
Изтеглен Не е изгубен   Не е повреден без рестрикции заемане за дома 90990 Регионална библиотека "Любен Каравелов" Русе Регионална библиотека "Любен Каравелов" Русе   1973-01-01 Заемна - подръчен фонд 1.00 148267 П 634.10/И 52 148267 3 0.51 N: стар фонд Дата: 01.01.1973 Книги Отч.N: 21/18 , Дата: 26.03.2018
  Не е изгубен Universal Decimal Classification Не е повреден без рестрикции ползва се в читалня 90991 Регионална библиотека "Любен Каравелов" Русе Регионална библиотека "Любен Каравелов" Русе Хранилище 1973-01-01 Хранилище 1.00 146012 Цб 69444 120000146012 4 0.51 N: стар фонд Дата: 01.01.1973 Книги  
Vip Innovations Ltd, Rousse, Bulgaria 2025